| 000 | 00451cam a22001814a 4500 | ||
|---|---|---|---|
| 020 | _a0072462043 | ||
| 020 | _a0071195424 (International ed.) | ||
| 040 | _cDLC | ||
| 082 | 0 | 0 | _a612 HIL 2003 A090 Or. |
| 100 | 1 | _aHall, Susan J. | |
| 245 | 1 | 0 | _aBasic biomechanics / |
| 250 | _a4th ed. | ||
| 260 |
_aBoston : _bMcGraw-Hill, _c2003. |
||
| 300 |
_axviii, 539 p. : _bill. ; _c27 cm. |
||
| 650 | 0 | _aBiomechanics. | |
| 650 | 0 | _aBiomechanics | |
| 942 | _cEK | ||
| 999 |
_c16046 _d16046 |
||